ARRUPE JESUIT UNIVERSITY

CORONAVIRUS -STOP THE SPREAD - CLEAN,DISINFECT,COVER

Man in history: (Record no. 118167)

MARC details
000 -LEADER
fixed length control field 01001cam a22003131 4500
001 - CONTROL NUMBER
control field 4543393
003 - CONTROL NUMBER IDENTIFIER
control field ARRUPE
005 - DATE AND TIME OF LATEST TRANSACTION
control field 20131001114116.0
008 - FIXED-LENGTH DATA ELEMENTS--GENERAL INFORMATION
fixed length control field 710622s1968 enk b 000 0 eng
010 ## - LIBRARY OF CONGRESS CONTROL NUMBER
LC control number 68139742
015 ## - NATIONAL BIBLIOGRAPHY NUMBER
National bibliography number B68-16184
020 ## - INTERNATIONAL STANDARD BOOK NUMBER
International Standard Book Number 0722005350
040 ## - CATALOGING SOURCE
Original cataloging agency DLC
Transcribing agency DLC
Modifying agency DLC
041 1# - LANGUAGE CODE
Language code of text/sound track or separate title eng
Language code of original and/or intermediate translations of text ger
050 00 - LIBRARY OF CONGRESS CALL NUMBER
Classification number BR115.H5
Item number B283 1968
082 00 - DEWEY DECIMAL CLASSIFICATION NUMBER
Classification number 233
300 ## - PHYSICAL DESCRIPTION
Dimensions 23 cm.
100 1# - MAIN ENTRY--PERSONAL NAME
Personal name Balthasar, Hans Urs von,
Dates associated with a name 1905-1988.
9 (RLIN) 1763
240 10 - UNIFORM TITLE
Uniform title <a href="Ganze im Fragment.">Ganze im Fragment.</a>
Language of a work English
245 10 - TITLE STATEMENT
Title Man in history:
Remainder of title a theological study;
Statement of responsibility, etc [translated from the German by William Glen-Doepel].
260 ## - PUBLICATION, DISTRIBUTION, ETC. (IMPRINT)
Place of publication, distribution, etc London,
-- Sydney,
Name of publisher, distributor, etc Sheed & Ward,
Date of publication, distribution, etc 1968.
300 ## - PHYSICAL DESCRIPTION
Extent x, 341 p.
350 ## - PRICE (NR) (BK AM CF MU VM SE) [OBSOLETE]
Price 50/-
500 ## - GENERAL NOTE
General note Translation of Das Ganze im Fragment.
504 ## - BIBLIOGRAPHY, ETC. NOTE
Bibliography, etc Includes bibliographies.
650 #0 - SUBJECT ADDED ENTRY--TOPICAL TERM
Topical term or geographic name as entry element History
General subdivision Religious aspects
-- Christianity.
9 (RLIN) 1764
650 #0 - SUBJECT ADDED ENTRY--TOPICAL TERM
Topical term or geographic name as entry element Theological anthropology
General subdivision Christianity.
9 (RLIN) 1765
906 ## - LOCAL DATA ELEMENT F, LDF (RLIN)
a 7
b cbc
c orignew
d u
e ncip
f 19
g y-gencatlg
942 ## - ADDED ENTRY ELEMENTS (KOHA)
Source of classification or shelving scheme Library of Congress Classification
Koha item type Monograph ( Printed materials)
Holdings
Withdrawn status Lost status Source of classification or shelving scheme Damaged status Not for loan Home library Current library Date acquired Total Checkouts Full call number Barcode Date last seen Price effective from Koha item type
    Library of Congress Classification     ARRUPE LIBRARY ARRUPE LIBRARY 01/10/2013   BR115.H5 B283 1967 46411308 15/11/2016 01/10/2013 Monograph ( Printed materials)

 

Arrupe Library. PO Box MP320 Mt Pleasant, Harare, Zimbabwe
263 242 745411|librarian@aju.ac.zw